Prima Lettera delle Città Russe - Statistics

Statistiche generali
  • Questo quiz è stato fatto 34 volte
  • Il punteggio medio è 10 su 21
Statistiche sulle risposte
Hint Risposta % Corretto
_osca M
97%
_an Pietroburgo S
97%
_azan K
90%
_ostov sul Don R
79%
_ovosibirsk N
72%
_fa U
62%
_strachan A
59%
_roznyj G
52%
_msk O
52%
_akutsk Y
48%
_erm P
45%
_oronež V
41%
_ngels E
38%
_eljabinsk C
34%
_zeržinsk D
34%
_arnaul B
31%
_ževsk I
31%
_ipeck L
24%
_rjazino F
14%
_jumen T
14%
_latoust Z
10%
Nessun quiz corrispondente trovato
Distribuzione punteggi
Percentuale di utenti per punteggio
Percentile per numero di risposta
I tuoi punteggi nel tempo
Non hai fatto questo quiz